| 000 | 00819nas a2200265 4500 | ||
|---|---|---|---|
| 001 | BR0802039 | ||
| 003 | BR-BrBNA | ||
| 005 | 20231205111909.0 | ||
| 007 | ta | ||
| 008 | 230509b bl.|||p| |||| 00| 00por d | ||
| 040 |
_aBR-BrBNA _bpor _cBiblioteca Nacional de Agricultura |
||
| 041 | _a(Pt) | ||
| 072 | _aJ11 | ||
| 100 | 1 | _aGonçalves, V.A. | |
| 100 | 1 | _aFerreira, W.A. | |
| 245 | 1 | _aPotencial de aeração de grãos com ar natural em Botucatu, SP | |
| 650 | _aGRÃO | ||
| 650 | _aARMAZENAMENTO | ||
| 650 | _aAERAÇÃO | ||
| 650 | _aTEMPERATURA | ||
| 650 | _aBOTUCATU | ||
| 773 | 0 |
_tAnais da Escola de Agronomia e Veterinária - Universidade Federal de Goiás (Brazil) _xISSN 0100-218X _g(1984-1986), v. 14-16(1) p. 103-125 _wBR0802039 |
|
| 909 |
_a202311 _bLúcia _c55 _dLúcia Elande |
||
| 942 |
_2AGRIS _n0 _cANA |
||
| 999 |
_c195018 _d195018 |
||